| 000 | 01503nam a2200373Ia 4500 | ||
|---|---|---|---|
| 001 | ebr10674529 | ||
| 003 | CaPaEBR | ||
| 006 | m u | ||
| 007 | cr cn||||||||| | ||
| 008 | 120814s2013 cau sb 001 0 eng d | ||
| 010 | _z 2012033120 | ||
| 020 | _z9780804785167 (cloth : alk. paper) | ||
| 020 | _z9780804785174 (pbk. : alk. paper) | ||
| 020 | _z9780804785990 (ebook) | ||
| 040 |
_aCaPaEBR _cCaPaEBR |
||
| 035 | _a(OCoLC)847728532 | ||
| 050 | 1 | 4 |
_aBS2665.6.J8 _bJ456 2013eb |
| 082 | 0 | 4 |
_a227/.106 _223 |
| 100 | 1 | _aJennings, Theodore W. | |
| 245 | 1 | 0 |
_aOutlaw justice _h[electronic resource] : _bthe Messianic politics of Paul / _cTheodore W. Jennings, Jr. |
| 260 |
_aStanford, Calif. : _bStanford University Press, _cc2013. |
||
| 300 | _aviii, 240 p. | ||
| 490 | 1 | _aCultural memory in the present | |
| 504 | _aIncludes bibliographical references and index. | ||
| 533 |
_aElectronic reproduction. _bPalo Alto, Calif. : _cebrary, _d2013. _nAvailable via World Wide Web. _nAccess may be limited to ebrary affiliated libraries. |
||
| 600 | 0 | 0 |
_aPaul, _cthe Apostle, Saint _xPolitical and social views. |
| 630 | 0 | 0 |
_aBible. _pN.T. _pRomans _xPhilosophy. |
| 650 | 0 | _aJustice (Philosophy) | |
| 650 | 0 |
_aJustice _xBiblical teaching. |
|
| 655 | 7 |
_aElectronic books. _2local |
|
| 710 | 2 | _aebrary, Inc. | |
| 830 | 0 | _aCultural memory in the present. | |
| 856 | 4 | 0 |
_uhttp://site.ebrary.com/lib/rucke/Doc?id=10674529 _zAn electronic book accessible through the World Wide Web; click to view |
| 999 |
_c162036 _d162036 |
||